Genderless Pokémon with Exceptions - Statistics

General Stats
  • This quiz has been taken 30 times
  • The average score is 27 of 45
Answer Stats
Region Number Answer % Correct
Kanto 0132 Ditto
100%
Kanto 0081 Magnemite
76%
Kanto 0082 Magneton
76%
Sinnoh 0437 Bronzong
71%
Sinnoh 0436 Bronzor
71%
Unova 0600 Klang
71%
Unova 0599 Klink
71%
Unova 0601 Klinklang
71%
Johto 0201 Unown
71%
Kanto 0101 Electrode
67%
Sinnoh 0462 Magnezone
67%
Kanto 0100 Voltorb
67%
Hoenn 0374 Beldum
62%
Kalos 0703 Carbink
62%
Hoenn 0376 Metagross
62%
Hoenn 0375 Metang
62%
Kanto 0137 Porygon
62%
Johto 0233 Porygon2
62%
Sinnoh 0474 Porygon-Z
62%
Sinnoh 0479 Rotom
62%
Galar 0883 Arctovish
57%
Galar 0881 Arctozolt
57%
Hoenn 0343 Baltoy
57%
Hoenn 0344 Claydol
57%
Galar 0882 Dracovish
57%
Galar 0880 Dracozolt
57%
Paldea 1000 Gholdengo
57%
Paldea 0999 Gimmighoul
57%
Hoenn 0337 Lunatone
57%
Alola 0774 Minior
57%
Kitakami 1012 Poltchageist
57%
Galar 0855 Polteageist
57%
Kitakami 1013 Sinistcha
57%
Galar 0854 Sinistea
57%
Hoenn 0338 Solrock
57%
Kanto 0121 Starmie
57%
Kanto 0120 Staryu
57%
Unova 0615 Cryogonal
52%
Galar 0870 Falinks
52%
Unova 0622 Golett
52%
Unova 0623 Golurk
52%
Alola 0781 Dhelmise
48%
Paldea 0925 Maushold
38%
Hoenn 0292 Shedinja
38%
Paldea 0924 Tandemaus
38%
No matching quizzes found
Score Distribution
Percent of People with Each Score
Percentile by Number Answered
Your Score History
You have not taken this quiz